000 00493nam a2200169Ia 4500
999 _c27145
_d27145
003 OSt
005 20201222094539.0
008 190216s9999||||xx |||||||||||||| ||und||
040 _coclc
082 _a894.8121
_bUNI/K
100 _aUniversity, Calicut
_9635
245 0 _aKavitha Samaharam /
_cCalicut University
260 _bUniversity Of Calicut,
_c1995.
_aCalicut:
300 _a208p
650 _aKavithkal
942 _cBK
_2ddc
_h894.8121
_iUNI/K
_k894.8121
_mUNI/K